The riddle of Amish culture

Αποθηκεύτηκε σε:
Λεπτομέρειες βιβλιογραφικής εγγραφής
Κύριος συγγραφέας: Kraybill, Donald B.
Μορφή: Βιβλίο
Γλώσσα:English
Δημοσίευση: Baltimore : Johns Hopkins University Press, 1992
Θέματα:
Ετικέτες: Προσθήκη ετικέτας
Δεν υπάρχουν, Καταχωρήστε ετικέτα πρώτοι!

MARC

LEADER 00000nam a2200000 i 4500
001 1/3239
008 960312s1992 eng d
020 |a 0-8018-3682-4 
035 |l 10015148 
040 |a GR-MY-UA  |b gre  |e aacr 
041 0 |a eng 
082 0 |a 306.088287 
100 1 |a Kraybill, Donald B. 
245 1 4 |a The riddle of Amish culture /  |c Donald B. Kraybill 
260 |a Baltimore :   |b Johns Hopkins University Press,   |c 1992 
300 |a 304 p.  |b ill. 
504 |a Includes index 
650 0 0 |a Amish. 
852 |a INST  |b LESVOS  |e 19960312  |h 306.088287 KRA  |p 005100006869  |q 005100006869  |t BK  |y 0 
909 |a Λ  |b 044002